National development via national service training program (RA 9163) common modules for CWTS, LTS and ROTC / (Record no. 99179)
[ view plain ]
| 000 -LEADER | |
|---|---|
| fixed length control field | 00853nam a22002417a 4500 |
| 003 - CONTROL NUMBER IDENTIFIER | |
| control field | URS |
| 005 - DATE AND TIME OF LATEST TRANSACTION | |
| control field | 20260324083943.0 |
| 008 - FIXED-LENGTH DATA ELEMENTS--GENERAL INFORMATION | |
| fixed length control field | 260324b |||||||| |||| 00| 0 eng d |
| 020 ## - INTERNATIONAL STANDARD BOOK NUMBER | |
| International Standard Book Number | 9786214092826 |
| 040 ## - CATALOGING SOURCE | |
| Transcribing agency | URS |
| 050 ## - LIBRARY OF CONGRESS CALL NUMBER | |
| Classification number | LC 220.5 |
| Item number | .D3702 2024 |
| 100 ## - MAIN ENTRY--PERSONAL NAME | |
| Personal name | Gasilla-Dela Cruz, Sonia |
| 245 ## - TITLE STATEMENT | |
| Title | National development via national service training program (RA 9163) common modules for CWTS, LTS and ROTC / |
| Statement of responsibility, etc | Sonia Gasilla-Dela Cruz... [and two others.] |
| 250 ## - EDITION STATEMENT | |
| Edition statement | Second Edition.-- |
| 264 ## - PUBLICATION, DISTRIBUTION, ETC. (IMPRINT) | |
| Place of publication, distribution, etc | Mandaluyong City : |
| Name of publisher, distributor, etc | Books Atbp. Publishing Corp., |
| Date of publication, distribution, etc | © 2024. |
| 300 ## - PHYSICAL DESCRIPTION | |
| Extent | viii, 254 pages : |
| Other physical details | illustrations ; |
| Dimensions | 23 cm. |
| 504 ## - BIBLIOGRAPHY, ETC. NOTE | |
| Bibliography, etc | Includes bibliographical references. |
| 650 ## - SUBJECT ADDED ENTRY--TOPICAL TERM | |
| Topical term or geographic name as entry element | Civics -- Philippines |
| 650 ## - SUBJECT ADDED ENTRY--TOPICAL TERM | |
| Topical term or geographic name as entry element | Service learning -- Philippines |
| 700 ## - ADDED ENTRY--PERSONAL NAME | |
| Personal name | Mapue, Paulino M. |
| 700 ## - ADDED ENTRY--PERSONAL NAME | |
| Personal name | Rosales, German B. |
| 942 ## - ADDED ENTRY ELEMENTS (KOHA) | |
| Source of classification or shelving scheme | Library of Congress Classification |
| Koha item type | Filipiniana |
| Withdrawn status | Lost status | Source of classification or shelving scheme | Damaged status | Not for loan | Collection code | Home library | Current library | Shelving location | Date acquired | Source of acquisition | Total Checkouts | Full call number | Barcode | Date last seen | Copy number | Price effective from | Koha item type |
|---|---|---|---|---|---|---|---|---|---|---|---|---|---|---|---|---|---|
| Library of Congress Classification | Non-fiction | Antipolo College Library | Antipolo College Library | Filipiniana Section | 10/23/2025 | Purchased | LC 220.5 .D3702 2024 | URSANT-06347 | 03/24/2026 | 1 | 03/24/2026 | Filipiniana | |||||
| Library of Congress Classification | Non-fiction | Antipolo College Library | Antipolo College Library | Filipiniana Section | 10/23/2025 | Purchased | LC 220.5 .D3702 2024 | URSANT-06348 | 03/24/2026 | 2 | 03/24/2026 | Filipiniana |